000 00632nam a2200181Ia 4500
008 100920s9999 xx 000 0 und d
082 _b63501
_a61 थ 62
100 _aकर्णिक मधुमंगेश.
245 _aमाहीमची खाडी.
260 _bमॅजेस्टिक बुक स्टॉल,मुंबई.
_c1962
300 _a143
_bसाधी
365 _b8.5
520 _aस्थानिक वाचन.
630 _aमाहीमची खाडी.
650 _aस्थानिक वाचन.
730 _aमाहीमची खाडी.
942 _cBOOK
999 _c706581
_d706578